| 000 | 003990000a22001690004500 | ||
|---|---|---|---|
| 003 | LK-CoMWRAF | ||
| 008 | 230817t ||||| |||| 00| 0 eng d | ||
| 020 | _a9559479008 | ||
| 040 |
_aLK-CoMWRAF _dLK-CoMWRAF _eLK-CoMWRAF |
||
| 041 | _aeng | ||
| 082 |
_a021 _bHAR |
||
| 100 | _aHartling, Peter | ||
| 245 |
_aCrutches _b |
||
| 260 |
_aMonaragala _bTransnations _c1996 |
||
| 300 | _ap.156 | ||
| 942 | _cBK | ||
| 999 |
_c2489 _d2489 |
||